Las enseñanzas de la década de 1990 para la Belice actual /
Examina las lecciones aprendidas de la década de 1990 y su relevancia para la situación actual de Belice. Se analizan los acontecimientos y las políticas implementadas en esa época, y se evalúa su impacto en áreas como la economía, la política y el desarrollo social. Además, se exploran las leccione...
Salvato in:
| Autore principale: | |
|---|---|
| Altri autori: | |
| Natura: | Libro |
| Soggetti: | |
| Accesso online: | texto completo desde el sitio de la revista |
| Tags: |
Aggiungi Tag
Nessun Tag, puoi essere il primo ad aggiungerne!!
|
MARC
| LEADER | 00000nam a22000007a 4500 | ||
|---|---|---|---|
| 003 | cru CIDCACS/IIS | ||
| 005 | 20230902211514.0 | ||
| 007 | ta | ||
| 008 | 191011b2018 sp|||p|r||||||0| ||spa|d | ||
| 040 | |c cru CIDCACS/IIS | ||
| 100 | 1 | |9 8689 |a Marshall, Janice | |
| 245 | 1 | 4 | |a Las enseñanzas de la década de 1990 para la Belice actual / |c Janice Marshall, Kelleen Corrigan |
| 300 | |a páginas 52-54 | ||
| 520 | |a Examina las lecciones aprendidas de la década de 1990 y su relevancia para la situación actual de Belice. Se analizan los acontecimientos y las políticas implementadas en esa época, y se evalúa su impacto en áreas como la economía, la política y el desarrollo social. Además, se exploran las lecciones que se pueden extraer de esos eventos y cómo pueden aplicarse en el contexto actual del país. RAR 02/2023 | ||
| 650 | 4 | |2 OCDE |9 2655 |a POLITICA ECONOMICA | |
| 650 | 0 | |2 OCDE |9 2122 |a DESARROLLO SOCIAL | |
| 650 | 0 | |2 OCDE |9 3784 |a POLITICAS PUBLICAS | |
| 650 | 0 | |2 OCDE |9 8417 |a CONTEXTO SOCIAL | |
| 650 | 0 | |2 UNESCO |9 3332 |a EVALUACIÓN DE PROGRAMAS | |
| 651 | 0 | |2 OCDE |9 5379 |a BELICE | |
| 700 | 1 | |9 8690 |a Corrigan, Kelleen | |
| 773 | 0 | |0 19267 |9 2906 |a Centro de Estudios sobre Refugiados |d Universidad de Oxford ; Centro de Estudios sobre Refugiados |o 17045 |t Migraciones Forzadas: |x 14609819 | |
| 856 | |u https://www.fmreview.org/sites/fmr/files/FMRdownloads/es/PrincipiosRectores20/RMF59.pdf |y texto completo desde el sitio de la revista | ||
| 942 | |2 ddc |c PP | ||
| 999 | |c 42481 |d 42481 | ||
